000 01215cam a2200241 4500
001 WB3710-36
008 000000n2001 000 0 eng u
035 _a(Sirsi) u111295
245 _aRDAs' partnership working is impressive
260 _c2001
490 _aDETR Press Release
_v(pr113) 2 March 2001, (3)
520 _aA report on Strategy Development and Partnership Working in Regional Development Agencies (RDAs) has just been published. This suggests that RDAs have made impressive progress in establishing themselves as leading strategic bodies for the economic regeneration and development of the English regions. The report also highlights good practice and makes recommendations for further improvement. Copies of the report, pirced £17, are available from: DETR Publication Sales Centre, Unit 8, Goldthorpe Road Industrial Estate, Goldthorpe, Rotherham, S63 9BL. For a summary of the report see: www.regeneration.detr.gov.uk/rs/index.htm
590 _aWB
650 _aDETR
650 _aREGIONAL DEVELOPMENT AGENCIES
650 _aRDAS
650 _aREGIONS
650 _aDEVELOPMENT
650 _aGOOD PRACTICE
650 _aPARTNERSHIPS
690 _aREGENERATION
942 _n0
999 _c66319
_d66319